000 00835nas a2200277 4500
001 BR9703705
003 BR-BrBNA
005 20231205100345.0
007 ta
008 230509b bl.|||p| |||| 00| 00por d
040 _aBR-BrBNA
_bpor
_cBiblioteca Nacional de Agricultura
041 _a(Pt)
072 _aF02
100 1 _aOliveira, P.D. de
100 1 _aPasqual, M.
100 1 _aPaiva, R.
245 1 _aEfeito de diferentes concentracoes do meio MS, nitrogenio e sacarose na micropropagacao de crisantemo "orange reagen"
650 _aCrisantemo
650 _aCultura de Tecido
650 _aNitrogenio
650 _aSacarose
650 _aReproducao Vegetal
773 0 _tBragantia (Brazil)
_xISSN 0006-8705
_g(1996), v. 55(1) p. 9-18
_wBR9703705
909 _a202311
_bLúcia
_c55
_dLúcia Elande
942 _2AGRIS
_n0
_cANA
999 _c155557
_d155557